| 000 | 01584nam0a2200361 4500 | ||
|---|---|---|---|
| 001 | RU\NLR\bibl\840454 | ||
| 005 | 20260405082830.0 | ||
| 010 |
_a5-89125-081-0 _9200 |
||
| 021 |
_aRU _b2005-48855 _92377 |
||
| 035 | _a(NLR Aleph) 000829280 | ||
| 090 |
_a1350415 _c1350415 |
||
| 100 | _a20050914d2005 |||y0rusy50 ca | ||
| 101 | 0 | _arus | |
| 102 | _aRU | ||
| 105 | _aa ||||||||| | ||
| 200 | 1 |
_aИнтегрированная система и технические средства химической защиты яблони в горных садоландшафтах _fЮ.А. Шекихачев, В.Н. Бербеков, Л.М. Хажметов [и др.] |
|
| 210 |
_aНальчик _c[б.и.] _d2005 |
||
| 215 |
_a53 с. _cил. _d20 |
||
| 606 | 1 |
_aОпрыскиватели _xЭксплуатация на склонах _91771524 _3RU\NLR\auth\66795539 |
|
| 606 | 1 |
_aЯблони _xБолезни и вредители _xХимические методы борьбы _92052829 _3RU\NLR\auth\661231140 |
|
| 686 | _aП072.61 | ||
| 686 | _aП491.5-52 | ||
| 701 | 1 |
_4070 _7ca _8rus _aШекихачев _bЮ. А. _gЮрий Ахметханович _9206104 _3RU\NLR\AUTH\770206156 |
|
| 701 | 1 |
_aБербеков _bВ. Н. _gВладимир Нажмутдинович _4070 |
|
| 701 | 1 |
_4070 _8rus _7ca _aХажметов _bЛ.М. _gЛуан Мухажевич _3RU\NLR\auth\7729408 _912437 |
|
| 801 | 0 |
_aRU _bNLR _c20050914 _grcr |
|
| 801 | 1 |
_aRU _bNLR _c20050914 |
|
| 830 | _aАвт. по кн. | ||
| 942 | _cBOOK | ||
| 980 | _aNB | ||
| 980 | _aNBR | ||